Central Library OPAC University of Rajshahi

From sensibility to romanticism : (Record no. 17835)

MARC details
000 -LEADER
fixed length control field 01087cam a22003011 4500
001 - CONTROL NUMBER
control field 17835
003 - CONTROL NUMBER IDENTIFIER
rucl marc code BD-RjUL
005 - DATE AND TIME OF LATEST TRANSACTION
control field 20211209000211.0
008 - FIXED-LENGTH DATA ELEMENTS--GENERAL INFORMATION
fixed length control field 140219t1965 nyuac b 001 0 eng
035 ## - SYSTEM CONTROL NUMBER
System control number (BD-RjUL)17893
System control number (OCoLC)349530
040 ## - CATALOGING SOURCE
Original cataloging agency DLC
Transcribing agency ODaWU
Modifying agency OCoLC
-- DLC
-- BD-RjUL
Language of cataloging eng
041 ## - LANGUAGE CODE
Language code of text/sound track or separate title eng
082 00 - DEWEY DECIMAL CLASSIFICATION NUMBER
Classification number 821.09
Author mark and year FRO 1965
245 10 - TITLE STATEMENT
Title From sensibility to romanticism :
Remainder of title essays presented to Frederick A. Pottle /
Statement of responsibility, etc. edited by Frederick W. Hilles and Harold Bloom.
260 ## - PUBLICATION, DISTRIBUTION, ETC. (IMPRINT)
Place of publication, distribution, etc. New York :
Name of publisher, distributor, etc. Oxford University Press,
Date of publication, distribution, etc. c1965.
300 ## - PHYSICAL DESCRIPTION
Pagination vi, 585 p. :
Illustrations illus., ports. ;
Size 24 cm.
504 ## - BIBLIOGRAPHY, ETC. NOTE
Bibliography, etc Includes index.
650 #0 - SUBJECT ADDED ENTRY--TOPICAL TERM
Topical term or geographic name as entry element English poetry
Chronological subdivision 18th century
General subdivision History and criticism.
9 (RLIN) 52039
Topical term or geographic name as entry element English poetry
Chronological subdivision 19th century
General subdivision History and criticism.
9 (RLIN) 53220
Topical term or geographic name as entry element Romanticism
Geographic subdivision Great Britain.
9 (RLIN) 55040
700 1# - ADDED ENTRY--PERSONAL NAME
Personal name Hilles, Frederick W.
Fuller form of name (Frederick Whiley),
Dates associated with a name 1900-1975.,
Personal name Pottle, Frederick Albert,
Dates associated with a name 1897-
Personal name Bloom, Harold,
942 ## - ADDED ENTRY ELEMENTS (KOHA)
Source of classification or shelving scheme Dewey Decimal Classification
Koha item type Books
Holdings
Lost status Source of classification or shelving scheme Damaged status Not for loan Collection code Permanent Location Current Location Shelving location Date acquired Source of acquisition Cost, normal purchase price Total Checkouts Full call number Date last seen Copy number Koha item type
  Dewey Decimal Classification     Non-fiction Central Library, University of Rajshahi Central Library, University of Rajshahi   05/11/1968 Zeitlinger 92.00   821.09 FRO 1965 19/02/2014 C-2 Books
  Dewey Decimal Classification     Non-fiction Central Library, University of Rajshahi Central Library, University of Rajshahi   05/01/1971 Mohidual & sons dacca 17.70   821.09 FRO 1965 19/02/2014 C-2 Books
  Dewey Decimal Classification   Not For Loan Non-fiction Central Library, University of Rajshahi Central Library, University of Rajshahi Reading Room 05/11/1968 Zeitlinger 92.00   821.09 FRO 1965 15/01/2020 C-1 Books